000
00336nam a2200133Ia 4500
008
240624s9999 xx 000 0 und d
041
_a
eng
082
_a
303.48 MOR
100
_a
MORRIS ALDON D
245
_a
FRONTIERS IN SOCIAL MOVEMENT THEORY
260
_c
1992
_a
London
_b
Yale University Press
300
_a
400 : p.
365
_c
_b
26
999
_c
21065
_d
21065